| 000 | 00617nam a22001937a 4500 | ||
|---|---|---|---|
| 005 | 20180806155821.0 | ||
| 010 | _aENG-123816 | ||
| 020 |
_a9789387572942 _c699.00 |
||
| 035 | _aEN-107348 | ||
| 037 | _bDBAD/PUB | ||
| 082 | _a005.133 | ||
| 100 | _aBrown, Martin C. | ||
| 245 |
_aPython : _cby Martin C. Brown _bthe complete reference / |
||
| 260 |
_aChennai _bMcGraw Hill Education _c2018 |
||
| 270 |
_a444/1, Sri Ekambara Naicker, Industrial Estate, Alapakkam Porur, _bChennai _e600116 |
||
| 300 |
_axxvii,691p. _c24cm. (pbk) |
||
| 500 | _aIts include index | ||
| 942 |
_2ddc _cEN _h005.133 _mBRO |
||
| 999 |
_c155532 _d155532 |
||